| 000 | 00959nam a22002537a 4500 | ||
|---|---|---|---|
| 001 | 6821 | ||
| 003 | FISKH | ||
| 005 | 20250529142046.0 | ||
| 008 | 250529b cb ||||| |||| 00| 0 eng d | ||
| 020 | _a9780061736667 | ||
| 040 |
_aFISKH _beng _cFISKH _dFISKH |
||
| 050 | _aE901.O23 M46 | ||
| 082 | _a328.73092 | ||
| 100 | _aMendell, David | ||
| 245 |
_aObama : _bFrom promise to power / _cBy David Mendell |
||
| 250 | _aFirst Harper mass market printing : October 2008 | ||
| 260 |
_aNew York : _bHarper Collins Publisher , _c2007. |
||
| 300 |
_a406 pages : _billustrations ; _c18 cm . |
||
| 520 | _aA journalist who has covered the senator and presidential candidate since his campaign for the Senate offers a portrait that features his childhood and youth in Hawaii and his embrace of seemingly ruthless campaign tactics. | ||
| 650 |
_aAmerican politics _vNon-fiction |
||
| 650 |
_aBarack Obama _vNon-fiction |
||
| 942 |
_2ddc _cBK _n0 |
||
| 999 |
_c6821 _d6821 |
||